Statistics for OGC Nice 2018/2019 Squad

Click here to take the quiz!

General Stats

  • This quiz has been taken 33 times
  • The average score is 12 of 26

Answer Stats

No.Answer% Correct
40Argentina (GK)Walter Benítez
96%
20Algeria (DF)Youcef Atal
91%
(31)Brazil (DF)Dante
87%
30France (GK)Yoan Cardinale
78%
-France (MAN)Patrick Vieira
74%
1Tunisia (GK)Mouez Hassen
65%
7France (FW)Allan Saint-Maximin
61%
11Tunisia (MF)Bassem Srarfi
61%
14Cameroon (FW)Ignatius Ganago
52%
21Brazil (MF)Danilo Barbosa
48%
26France (FW)Myziane Maolida
48%
8France (MF)Pierre Lees-Melou
48%
12Senegal (DF)Racine Coly
48%
25France (MF)Wylan Cyprien
48%
23France (DF)Malang Sarr
39%
24France (DF)Christophe Jallet
35%
10France (FW)Mickaël Le Bihan
35%
15France (DF)Patrick Burner
35%
29France (DF)Christophe Hérelle
30%
27France (MF)Jean-Victor Makengo
30%
6France (MF)Rémi Walter
30%
18France (FW)Ihsan Sacko
22%
28France (DF)Olivier Boscagli
22%
5France (DF)Adrien Tameze
17%
3France (DF)Gautier Lloris
17%
16France (GK)Yannis Clementia
9%

Score Distribution

Percentile by Number Answered

Percent of People with Each Score

Your Score History

You have not taken this quiz